007950000a22001930004500090001400000245006100014650001700075650003000092650003700122650002300159651006100182651007100243041001400314100003400328942001300362773002900375999001700404952018000421 aARb0171310aDiversidad florística en el espacio andino de Colombia14aFlora99229314aPlantas vasculares99226514aDistribución altitudinal9437514aZona andina995136 4lSierra Nevada de Santa MartapMagdalenadColombia992749 4lParque de los nevadosdRisaralda, Quindio, TolimapColombia9927490 aEspañol1 aRangel Ch., J. Orlando992819 cARTICULO1 tPreprint33q1-30d1989? c10792d10792 001040718HEMEROTECAaBogotabBogotad2015-02-27eMuñoz Saba, YanethhFuera de circulaciónl0oAR 01713p012080r2015-03-25 00:00:00t1w2015-03-25xDonaciónyARTICULO